1797 1083 1869 1424 1255 1902 1321 1297 1564 1724 1977 1763 1154 1591 1227 1722 1112 1632 1829 1354 1805 1189 1424 1837 1011 1163 1419 1062 1645 1526 1089 1898 1052 1183 1585 1964 1794 1516 1640 1207 1914 1640 1295 1906 1356 1814 1679 1647 1240 1611 1368 1215 1728 1381 1084 1019 1958 1331 1362 1194 1668 1162 1720 1076 1640 1785 1262 1170 1731 1358 1138 1814 1036 1349 1381 1115 1551 1395 1087 1230 1159 1735 1015 1412 1456 1562 1147 1691 1522 1583 1583 1953 1977 1404 1819 1791 1651 1400 1431 BCNSPRNW ULIB Ver.6.0+V

เปลี่ยนเป็นภาษาไทย

Change to English
 แสดงรายละเอียดบรรณานุกรม
  กลับหน้าหลัก

Brief Record : Get Marc (ISO 2709) : E-mail record : QR code < ปิดหน้าต่าง
LEADER : 00000nam 2200000uu 4500
001    13399121553
003     ULIB
008    020711s2552 th a 000 0 tha d
020    ^a9786160801312
090    ^aรส.^bบ771ภ
100    ^aNathanniel Hawthorne
245    ^aภูผาแห่งแรงบันดาลใจ /^cJohann Wolfgang von Goethe
260    ^aกรุงเทพฯ :^bซีเอ็ด,^c2553
300    105 หน้า
500    ชุดอ่านอังกฤษ เก่งอังกฤษ
501    Stage 2
945    ^p130^l0^i028963
999 ^a ทศพร
รายการนี้ยังไม่มีแท็ก
คุณยังไม่ได้ล็อกอิน คุณสามารถมีกิจกรรมร่วมกับเว็บไซต์ได้ แต่ต้องล็อกอินก่อน ::
  ล็อกอิน

รายการสื่อสารสนเทศ

ลำดับที่ ประเภท เลขเรียก/บาร์โค้ด สถานที่ สถานะ
1. นวนิยาย
นวนิยาย
รส. บ771ภ ฉ.1 
  Barcode: 028963
ห้องสมุดวิทยาเขตสวรรค์ประชารักษ์
►นวนิยาย
บนชั้น
  ขอยืม

BibComment


ยังไม่เคยถูกคอมเมนท์

คอมเมนท์ทรัพยากรรายการนี้
  คอมเมนท์: ภูผาแห่งแรงบันดา..


 Copyright 2026. Bcnsprnw @Library